000 01506cam a2200169 4500500
005 20260111091136.0
041 _afre
042 _adc
100 1 0 _aVerdeyen, Paul
_eauthor
245 0 0 _aLa séparation entre théologie et spiritualité
260 _c2005.
500 _a16
520 _aL’auteur pense que le divorce entre la théologie et la spiritualité s’est manifesté pour la première fois au cours du douzième siècle. Il mentionne surtout le conflit qui a opposé Bernard de Clairvaux à Maître Abélard pendant le concile de Sens (1140). De nos jours, on multiplie les instituts de spiritualité. Mais il faudrait surtout approfondir le sens de la connaissance théologique. L’A. donne comme exemple la réflexion originale de Guillaume de Saint-Thierry (1075-1148).
520 _aThe first manifestation of a divorce between theology and spirituality dates back to the XIIth century. He refers, in the first place, to the conflict which arose between Abelard and Bernard of Clairvaux, at the Council of Sens, in 1140. While the number of institutes for spirituality is steadily increasing, the need of the day seems to be a deepened sense of theological knowledge. In this context, the A. deems relevant the original reflexion of Guillaume de Saint-Thierry (1075-1148).
786 0 _nNouvelle revue théologique | 127 | 1 | 2005-01-03 | p. 62-75 | 0029-4845
856 4 1 _uhttps://shs.cairn.info/revue-nouvelle-revue-theologique-2005-1-page-62?lang=fr&redirect-ssocas=7080
999 _c1620383
_d1620383